Départements français de la zone occupée sur une carte - Statistiques

Statistiques générales
  • Ce quiz a été pris 575 fois
    571 depuis la dernière actualisation
  • Le résultat moyen est 49 sur 61
Réponses sur la Carte
Les réponses sont colorées sur une échelle allant du rouge au vert en fonction du pourcentage des utilisateurs qui les ont devinées à leur premier essai. Vous pouvez retrouver ces pourcentages ci-dessous.
 
Statistiques - réponses
Départements % Correct
Nord
94%
Paris
93%
Finistère
92%
Pas-de-Calais
92%
Bas-Rhin
89%
Gironde
89%
Haut-Rhin
89%
Yvelines
88%
Calvados
87%
Moselle
87%
Seine-Saint-Denis
87%
Côtes-d'Armor
86%
Eure
86%
Loiret
86%
Morbihan
86%
Manche
85%
Oise
85%
Pyrénées-Atlantiques
85%
Seine-et-Marne
85%
Seine-Maritime
85%
Ille-et-Vilaine
84%
Loire-Atlantique
84%
Meurthe-et-Moselle
84%
Charente
83%
Landes
83%
Territoire-de-Belfort
83%
Vendée
83%
Aisne
82%
Ardennes
82%
Charente-Maritime
82%
Essonne
82%
Jura
82%
Loir-et-Cher
82%
Marne
82%
Somme
82%
Ain
81%
Cher
81%
Eure-et-Loir
81%
Doubs
80%
Côte-d'Or
79%
Hauts-de-Seine
78%
Mayenne
78%
Val-de-Marne
78%
Val-d'Oise
78%
Vosges
78%
Orne
77%
Sarthe
77%
Meuse
76%
Yonne
76%
Deux-Sèvres
75%
Dordogne
75%
Indre-et-Loire
75%
Haute-Marne
74%
Vienne
74%
Aube
73%
Nièvre
73%
Allier
72%
Maine-et-Loire
71%
Haute-Saône
70%
Saône-et-Loire
70%
Lot-et-Garonne
46%
Aucun quiz correspondant
Distribution des résultats
% des personnes avec chaque résultat
Percentile par nombre de réponses
Votre historique - résultats
Vous n’avez pas pris ce quiz depuis la dernière actualisation